书目信息 |
| 题名: |
20kV及以下变电所设计规范
|
|
| 作者: | ;中国机械工业联合会 主编 | |
| 分册: | ||
| 出版信息: | 北京 中国计划出版社 2014.06 |
|
| 页数: | 52页 | |
| 开本: | 20cm | |
| 丛书名: | ||
| 单 册: | ||
| 中图分类: | TM63-65 | |
| 科图分类: | ||
| 主题词: | 变电所 | |
| 电子资源: | ||
| ISBN: | ||
| 000 | 00635nam0 2200193 450 | |
| 001 | 1733733309 | |
| 005 | 20171211092323.42 | |
| 010 | @dCNY12.00 | |
| 100 | @a20171211d2014 km y0chiy0120 ea | |
| 101 | 0 | @achi |
| 102 | @aCN@b110000 | |
| 200 | 1 | @a20kV及以下变电所设计规范@A20kV ji yi xia bian dian suo she ji gui fan@f中国机械工业联合会主编@Fzhong guo ji xie gong ye lian he hui zhu bian |
| 210 | @a北京@c中国计划出版社@d2014.06 | |
| 215 | @a52页@d20cm | |
| 606 | 0 | @a变电所 |
| 690 | @aTM63-65@v4 | |
| 711 | 02 | @a中国机械工业联合会@Azhong guo ji xie gong ye lian he hui@4主编 |
| 801 | 0 | @aCN@bMUSE@c20171211 |
| 905 | @aMUSE@dTM63-65@eZ5661 | |
| 20kV及以下变电所设计规范/中国机械工业联合会主编.-北京:中国计划出版社,2014.06 |
| 52页;20cm |
| ISBN :CNY12.00 |
| ● |
| 相关链接 |
|
|
|
正题名:20kV及以下变电所设计规范
索取号:TM63-65/Z5661
 
预约/预借
| 序号 | 登录号 | 条形码 | 馆藏地/架位号 | 状态 | 备注 |
| 1 | 1237074 | 212370744 | 电气与控制工程学院资料室/ [索取号:TM63-65/Z5661] | 在馆 | |
| 2 | 1237161 | 212371618 | 电气与控制工程学院资料室/ [索取号:TM63-65/Z5661] | 在馆 |